• 首页
  • 本馆介绍
  • 公告通知
  • 最新文献
  • 馆藏检索
  • 电子资源
  • 读者导购
  • 参考咨询
  • 我的图书馆
  • 登录
  • 详细信息显示
  • 放入我的书架
  • 预约/预借图书
  • 作者相关作品
  • 分类相关作品
  • 丛书相关作品
  • 出版社相关作品

书目信息

  • 表格格式
  • 工作单格式
  • 卡片格式
题名:
“资本”影像
    
 
作者: 高传智 著
分册:  
出版信息: 北京   中国传媒大学出版社  2009
页数: 227页
开本: 24cm
丛书名:
单 册:
中图分类: G222.3
科图分类:
主题词: 电视新闻--电视节目--研究--中国--现代 , 电视新闻 , 电视节目
电子资源:
ISBN: 978-7-81127-764-7
000 01138nam0 2200265 45
001 1130717515
005 20110310092431.03
010    @a978-7-81127-764-7@dCNY36.00
100    @a20110121d2009 em y0chiy50 ea
101 0  @achi
102    @aCN@b110000
105    @aa z 000yy
106    @ar
200 1  @a“资本”影像@A“ Zi Ben” Ying Xiang@e90年代以来中国电视新闻场域的变化及其影响@E90 Nian Dai Yi Lai Zhong Guo Dian Shi Xin Wen Chang Yu De Bian Hua Ji Qi Ying Xiang@f高传智著@FGao Chuan Zhi Zhu
210    @a北京@c中国传媒大学出版社@d2009
215    @a227页@c图@d24cm
330    @a本书分为四章,内容包括电视新闻场域的一般构型和资本交换机制、统一的终结——90年代电视新闻子场域的出现、90年代以来电视新闻子场域的变化、90年代以来电视新闻场域变化的影响。
517 1  @a90年代以来中国电视新闻场域的变化及其影响@A90 Nian Dai Yi Lai Zhong Guo Dian Shi Xin Wen Chang Yu De Bian Hua Ji Qi Ying Xiang
606 0  @a电视新闻@x电视节目@x研究@y中国@z现代
606 0  @a电视新闻
606 0  @a电视节目
690    @aG222.3@v4
701  0 @a高传智@AGao Chuan Zhi@4著
801  0 @aCN@bTANGWEI@c20110310
905    @b0531645-49@dG222.3@e124@f5
    
    “资本”影像:90年代以来中国电视新闻场域的变化及其影响/高传智著.-北京:中国传媒大学出版社,2009
    227页:图;24cm
    
    
    ISBN 978-7-81127-764-7:CNY36.00
    本书分为四章,内容包括电视新闻场域的一般构型和资本交换机制、统一的终结——90年代电视新闻子场域的出现、90年代以来电视新闻子场域的变化、90年代以来电视新闻场域变化的影响。
●
相关链接 在E读中查询图书 在五车中查询图书 在当当中查询图书 在豆瓣中查询图书


正题名:"资本"影像     索取号:G222.3/124         预约/预借

序号 登录号 条形码 馆藏地/架位号 状态 备注
1 0531645   205316451   第一样本阅览室/ [索取号:G222.3/124] 在馆    
2 0531646   205316460   第四借阅区/ [索取号:G222.3/124] 在馆    
3 0531647   205316479   第四借阅区/ [索取号:G222.3/124] 在馆    
4 0531648   205316488   第四借阅区/ [索取号:G222.3/124] 在馆    
5 0531649   205316497   密集书库-文学院/ [索取号:G222.3/124] 在馆    
唐山师范学院图书馆 欢迎您!
大连网信软件有限公司© 版权所有